000 00696cam a22002533a 4500
001 11897
003 PGUSA
005 20140828083242.0
008 040401s2004||||xxu|||||s|||||000 | eng d
040 _aPGUSA
_beng
042 _adc
050 4 _aBL
100 1 _aBühler, Georg,
_d1837-1898
245 1 0 _aOn the Indian Sect of the Jainas
_h[electronic resource] /
_cGeorg Bühler
260 _bProject Gutenberg,
_c2004
506 _aPublic domain in the USA.
516 _aElectronic text
653 _aJainism
653 _aJaina sects
700 1 _aBurgess, James,
_d1832-1916
830 0 _aProject Gutenberg
_v11897
856 4 0 _uhttp://www.gutenberg.org/ebooks/11897
942 _cEB
999 _c241152
_d241152